A quels sons appartiennent ces paroles (PLK) - Statistiques

Statistiques générales
  • Ce quiz a été pris 2 693 fois
  • Le résultat moyen est 9 sur 12
Statistiques - réponses
Question Réponse % Correct
J'arrive en 4-4-2 dans un 4x4 noir. Uniquement vodka pas d'Badoit Emotif
96%
Quelques ronds à gauche, quelques ronds à droites. Pas d'keufs dans la zone, donc je fais mes bails Monégasque
96%
Elle est brune elle a des grosses fesses. Pour la sortir il faut la grosse caisse Pilote (Ft Hamza)
96%
Si demain tu pars je sais pas c'que j'vais faire. Je t'enverrai des cartes du haut de la tour Eiffel Mamie
91%
J'aime quand tu bouges en legging. T'as le fessier qui rend minable, n'importe quel homme te désire Hola
88%
Grandi entouré de bleus comme jeune homme chypriote. Depuis tout petit je cours derrière le bonheur Idiote
85%
Donc j'te l'dis gentiment, j'ai peur des sentiments. Dans ma tête c'est la guerre Bunkoeur
81%
Une blonde à la place du mort. Une bombe à la place du coeur Gare du Nord
67%
Oseille, oseille, j'pense qu'a mon bénéfice. J'parle pas trop au téléphone, en été j'suis à Tenerife Cartelo (Ft Maes)
62%
Si j'comprends bien, t'es prêt. Si j'comprends bien, on le fait Comme à l'ancienne (Ft RK)
58%
Les mêmes que quand t'es petit . Fermes-la et prends tes billes, la mort vient sans prévenir Dans les clips
51%
Nous en s'en bat les couilles, si ton gars te gâte. Mental de viking comme a Kattegat Cash
42%
Aucun quiz correspondant
Distribution des résultats
% des personnes avec chaque résultat
Percentile par nombre de réponses
Votre historique - résultats
Vous n’avez pas pris ce quiz